عرض عادي عرض مارك
  • قواعد اللغة

دخول Topical Term

عدد التسجيلات المستخدمة: 1

001 - CONTROL NUMBER

  • control field: 28122

003 - CONTROL NUMBER IDENTIFIER

  • control field: AE-AdECS

005 - DATE AND TIME OF LATEST TRANSACTION

  • control field: 20260326135415.0

008 - FIXED-LENGTH DATA ELEMENTS

  • fixed length control field: 260326|| aca||aabn | a|a d

040 ## - CATALOGING SOURCE

  • Original cataloging agency: AE-AdECS
  • Transcribing agency: AE-AdECS

150 ## - HEADING--TOPICAL TERM

  • Topical term or geographic name entry element: قواعد اللغة
  • General subdivision: في النص القرآني

670 ## - SOURCE DATA FOUND

  • Source citation: Work cat.: (AE-AdECS)294607: الحمداني، عبد الجبار فتحي زيدان مؤلف. 28118, دلالة (كاد - يكاد) في القرآن الكريم /

أبوظبي، الإمارات العربية المتحدة

reference@ecssr.ae

97124044780 +

حقوق النشر © 2026 مركز الإمارات للدراسات والبحوث الاستراتيجية جميع الحقوق محفوظة